000
00312nam a2200121 a 4500
005
20140414093847.0
008
100223s19uu xx uuu eng d
050
_a
CDB 784.193
_b
BEL 1947
245
_a
Belwin full orchestra 2003-2004.
650
_a
Music
_x
Study and teaching.
942
_c
AVM
999
_c
109640
_d
109640